ARRUPE JESUIT UNIVERSITY

CORONAVIRUS -STOP THE SPREAD - CLEAN,DISINFECT,COVER

Anxiety : (Record no. 123178)

MARC details
000 -LEADER
fixed length control field 01161cam a2200325 a 4500
001 - CONTROL NUMBER
control field 17466235
005 - DATE AND TIME OF LATEST TRANSACTION
control field 20150914124028.0
008 - FIXED-LENGTH DATA ELEMENTS--GENERAL INFORMATION
fixed length control field 120918s2012 enka b 001 0 eng d
010 ## - LIBRARY OF CONGRESS CONTROL NUMBER
LC control number 2012406501
016 7# - NATIONAL BIBLIOGRAPHIC AGENCY CONTROL NUMBER
Record control number 016004594
Source Uk
020 ## - INTERNATIONAL STANDARD BOOK NUMBER
International Standard Book Number 9780199567157 (pbk.)
020 ## - INTERNATIONAL STANDARD BOOK NUMBER
International Standard Book Number 0199567158
035 ## - SYSTEM CONTROL NUMBER
System control number (OCoLC)ocn754720546
040 ## - CATALOGING SOURCE
Original cataloging agency BTCTA
Language of cataloging eng
Transcribing agency BTCTA
Modifying agency UKMGB
-- BDX
-- KIJ
-- YDXCP
-- YNK
-- ITJCU
-- OCO
-- VP@
-- BWX
-- CDX
-- DLC
042 ## - AUTHENTICATION CODE
Authentication code lccopycat
050 00 - LIBRARY OF CONGRESS CALL NUMBER
Classification number BF575.F2
Item number G226
082 04 - DEWEY DECIMAL CLASSIFICATION NUMBER
Classification number 152.4/6
100 1# - MAIN ENTRY--PERSONAL NAME
Personal name Freeman, Daniel,
Dates associated with a name 1971-
9 (RLIN) 19140
245 10 - TITLE STATEMENT
Title Anxiety :
Remainder of title a very short introduction /
Statement of responsibility, etc Daniel Freeman and Jason Freeman.
260 ## - PUBLICATION, DISTRIBUTION, ETC. (IMPRINT)
Place of publication, distribution, etc Oxford :
Name of publisher, distributor, etc Oxford University Press,
Date of publication, distribution, etc 2012.
300 ## - PHYSICAL DESCRIPTION
Extent xii, 155 p. :
Other physical details ill. ;
Dimensions 18 cm.
490 1# - SERIES STATEMENT
Series statement Very short introductions ;
Volume number/sequential designation 318
504 ## - BIBLIOGRAPHY, ETC. NOTE
Bibliography, etc Includes bibliographical references (p. 131-148) and index.
650 #0 - SUBJECT ADDED ENTRY--TOPICAL TERM
Topical term or geographic name as entry element Anxiety.
9 (RLIN) 19141
700 1# - ADDED ENTRY--PERSONAL NAME
Personal name Freeman, Jason
Fuller form of name (Jason Ryan)
9 (RLIN) 19142
830 #0 - SERIES ADDED ENTRY--UNIFORM TITLE
Uniform title Very short introductions.
9 (RLIN) 19143
906 ## - LOCAL DATA ELEMENT F, LDF (RLIN)
a 7
b cbc
c copycat
d 2
e ncip
f 20
g y-gencatlg
942 ## - ADDED ENTRY ELEMENTS (KOHA)
Source of classification or shelving scheme Library of Congress Classification
Item type Monograph ( Printed materials)
Holdings
Withdrawn status Lost status Source of classification or shelving scheme Damaged status Not for loan Collection code Home library Current library Shelving location Date acquired Total Checkouts Full call number Barcode Date last seen Date last borrowed Price effective from Koha item type
    Library of Congress Classification     Main Collection ARRUPE LIBRARY ARRUPE LIBRARY Main Collection 28/08/2015 1 BF575.F2 G226 46500004067 12/09/2016 13/11/2015 28/08/2015 Monograph ( Printed materials)

 

Arrupe Library. PO Box MP320 Mt Pleasant, Harare, Zimbabwe
263 242 745411|librarian@aju.ac.zw